The sending of the twelve and the mid-Galilean ministry. (Record no. 5119)

000 -LEADER
fixed length control field 00747nam a2200217 a 4500
001 - CONTROL NUMBER
control field :::00002860$&:&@@
003 - CONTROL NUMBER IDENTIFIER
control field OkBaRHE
005 - DATE AND TIME OF LATEST TRANSACTION
control field 20000607103257.0
008 - FIXED-LENGTH DATA ELEMENTS--GENERAL INFORMATION
fixed length control field s1970 j 000 0 eng u
040 ## - CATALOGING SOURCE
Transcribing agency
100 1# - MAIN ENTRY--PERSONAL NAME
Personal name Lindsay, Gordon.
245 14 - TITLE STATEMENT
Title The sending of the twelve and the mid-Galilean ministry.
260 ## - PUBLICATION, DISTRIBUTION, ETC. (IMPRINT)
Place of publication, distribution, etc Dallas, TX., :
Name of publisher, distributor, etc Christ For The Nations Publishing Co.
Date of publication, distribution, etc c1970
300 ## - PHYSICAL DESCRIPTION
Extent 29 p. ;
Dimensions 19 cm.
490 0# - SERIES STATEMENT
Series statement Life of Christ series.
650 ## - SUBJECT ADDED ENTRY--TOPICAL TERM
Topical term or geographic name as entry element Apostles
650 ## - SUBJECT ADDED ENTRY--TOPICAL TERM
Topical term or geographic name as entry element Jesus Christ
General subdivision Biography
942 ## - ADDED ENTRY ELEMENTS (KOHA)
Source of classification or shelving scheme
Koha item type Books
Copies
Shelving location Date acquired Full call number Source of classification or shelving scheme Withdrawn status Permanent Location Price effective from Damaged status Date last seen Koha item type Barcode Not for loan Lost status Copy number
General Stacks2010-04-14BS 2440 .L5  RHEMA Bible Training College2010-04-14 2018-03-16Books2860  1
General Stacks2010-04-14BS 2440 .L5  RHEMA Bible Training College2010-04-14 2018-03-16Books16835  2